Guess the Fusion Rock Song Lyrics #253 - Statistics

General Stats
  • This quiz has been taken 15 times
  • The average score is 129 of 200
Answer Stats
Answer % Correct
I
92%
the
92%
and
85%
And
85%
be
85%
could
85%
in
85%
it
85%
like
85%
Love
85%
love
85%
me
85%
on
85%
there
85%
this
85%
This
85%
to
85%
where
85%
you
85%
don't
77%
I'll
77%
is
77%
look
77%
Oh
77%
one
77%
so
77%
Then
77%
they
77%
They
77%
up
77%
what
77%
with
77%
would
77%
your
77%
all
69%
done
69%
long
69%
never
69%
Never
69%
night
69%
said
69%
us
69%
you've
69%
are
62%
at
62%
Eyes
62%
eyes
62%
get
62%
I'd
62%
Now
62%
take
62%
Take
62%
thought
62%
want
62%
way
62%
we
62%
wouldn't
62%
light
54%
yes
54%
you'd
54%
After
46%
again
46%
Close
46%
ever
46%
fall
46%
feel
46%
Hope
46%
Let's
46%
lie
46%
than
46%
their
46%
whole
46%
alone
38%
Boz Scaggs
38%
easily
38%
end
38%
looked
38%
saw
38%
song
38%
spend
38%
felt
31%
fire
31%
honey
31%
Leading
31%
through
31%
anymore
23%
care
23%
door
23%
Hold
23%
might
23%
moon
23%
closer
15%
crazy
15%
stairs
15%
blue
8%
Bridges
8%
burning
8%
dare
8%
stone
8%
turn
8%
fade
0%
No matching quizzes found
Score Distribution
Percent of People with Each Score
Percentile by Number Answered
Your Score History
You have not taken this quiz